Normal view MARC view

Entry Topical Term

Number of records used in: 2

001 - CONTROL NUMBER

  • control field: 2809

003 - CONTROL NUMBER IDENTIFIER

  • control field:

005 - DATE AND TIME OF LATEST TRANSACTION

  • control field: 20191021143621.0

008 - FIXED-LENGTH DATA ELEMENTS

  • fixed length control field: 191021|| aca||aabn | a|a d

040 ## - CATALOGING SOURCE

  • Original cataloging agency:
  • Transcribing agency:

150 ## - HEADING--TOPICAL TERM

  • Topical term or geographic name entry element: Civil society -
  • Form subdivision: Nigeria

670 ## - SOURCE DATA FOUND

  • Source citation: Work cat.: (): KUKAH, Matthew Hassan. aut. 2808, Democracy and civil society in Nigeria/, 2007.

National Library of Nigeria OPAC is powered by Koha